BIBLIOTECA PODER JUDICIAL
Portal Judicial TDF

Intervención del Estado en el mercado de capitales a la luz del principio de subsidiariedad / (Registro nro. 6145)

000 -LEADER
fixed length control field 00987nabaa22002057a 4500
003 - CONTROL NUMBER IDENTIFIER
control field OSt
005 - DATE AND TIME OF LATEST TRANSACTION
control field 20260123190237.0
008 - FIXED-LENGTH DATA ELEMENTS--GENERAL INFORMATION
fixed length control field 190701b xxu||||| |||| 00| 0 spa d
040 ## - CATALOGING SOURCE
Transcribing agency PJ
100 ## - MAIN ENTRY--PERSONAL NAME
9 (RLIN) 6899
Personal name Garin, Andrés
245 13 - TITLE STATEMENT
Title Intervención del Estado en el mercado de capitales a la luz del principio de subsidiariedad /
Statement of responsibility, etc Andrés Garin.
300 ## - PHYSICAL DESCRIPTION
Extent p. 30-56
500 ## - GENERAL NOTE
General note Cita: TR LALEY AR/DOC/2573/2023
505 ## - FORMATTED CONTENTS NOTE
Formatted contents note Sumario: I. Introducción.— II. Capítulo I. El mercado de capitales.— III. Capítulo II. La intervención estatal.— IV. Capítulo III. La intervención en el mercado de capitales.— V. Palabras finales.
505 ## - FORMATTED CONTENTS NOTE
Title ¿Te interesa el texto completo? Comunicate al correo: koha@justierradelfuego.gov.ar
650 #0 - SUBJECT ADDED ENTRY--TOPICAL TERM
9 (RLIN) 211
Topical term or geographic name as entry element DERECHO ADMINISTRATIVO
650 #0 - SUBJECT ADDED ENTRY--TOPICAL TERM
9 (RLIN) 293
Topical term or geographic name as entry element MERCADO DE CAPITALES
773 0# - HOST ITEM ENTRY
Host Biblionumber 2842
Host Itemnumber 3251
Place, publisher, and date of publication Buenos Aires : AbeledoPerrot, 2012-
Other item identifier DA121
Title Derecho administrativo. Nº 150 noviembre/diciembre 2023
International Standard Book Number 18510590
942 ## - ADDED ENTRY ELEMENTS (KOHA)
Source of classification or shelving scheme
Koha item type Analítica Artículo de Revista

No hay ítems disponibles.

12 de Octubre 789 Ushuaia - Tel:  54(02901)441571
Horario de Atención: 8.00 a 17.00 hs. 
bibliotecaush@justierradelfuego.gov.ar
koha@justierradelfuego.gov.ar
Seguinos en nuestras redes @bibliojustdf 

Con tecnología Koha